000 00454ntaaa2200181 4500
003 01
005 20251027202327.0
008 0714s1973 ag 01
040 _aAR-BaBN
_bspa
_cAR-BaBN
_eaacr
_dRIC
082 _a291.0000 B66
100 _aBouquet, A.C.
_912447
245 _aComparative religion
250 _a1 ed.
260 _aHarmondsworth :
_bPenguin Books,
_c1941, 1962
300 _a320 p
650 _areligiones comparadas
_93333
942 _cBK
999 _c18104
_d18104